| 000 -LEADER |
| fixed length control field |
01978cam a2200373 i 4500 |
| 001 - CONTROL NUMBER |
| control field |
20164830 |
| 003 - CONTROL NUMBER IDENTIFIER |
| control field |
NUST |
| 005 - DATE AND TIME OF LATEST TRANSACTION |
| control field |
20190705054336.0 |
| 008 - FIXED-LENGTH DATA ELEMENTS--GENERAL INFORMATION |
| fixed length control field |
171206s2018 enk b 001 0 eng |
| 010 ## - LIBRARY OF CONGRESS CONTROL NUMBER |
| LC control number |
2017046377 |
| 020 ## - INTERNATIONAL STANDARD BOOK NUMBER |
| International Standard Book Number |
9781786606792 (cloth : alk. paper) |
| 020 ## - INTERNATIONAL STANDARD BOOK NUMBER |
| International Standard Book Number |
9781786606808 (pbk. : alk. paper) |
| 038 ## - RECORD CONTENT LICENSOR |
| Staff Name |
Muhammad Ibrahim |
| 040 ## - CATALOGING SOURCE |
| Original cataloging agency |
DLC |
| Language of cataloging |
eng |
| Transcribing agency |
DLC |
| Description conventions |
rda |
| Modifying agency |
DLC |
| 042 ## - AUTHENTICATION CODE |
| Authentication code |
pcc |
| 050 00 - LIBRARY OF CONGRESS CALL NUMBER |
| Classification number |
TK5105.8854 |
| Item number |
.U53 2018 |
| 082 00 - DEWEY DECIMAL CLASSIFICATION NUMBER |
| Classification number |
384.334 |
| Edition number |
23 |
| Author Mark |
UND 2019 |
| 245 00 - TITLE STATEMENT |
| Title |
Understanding cyber security : |
| Remainder of title |
emerging governance and strategy / |
| Statement of responsibility, etc. |
edited by Gary Schaub Jr. |
| 264 #1 - PRODUCTION, PUBLICATION, DISTRIBUTION, MANUFACTURE, AND COPYRIGHT NOTICE |
| Place of production, publication, distribution, manufacture |
London ; |
| -- |
New York : |
| Name of producer, publisher, distributor, manufacturer |
Rowman & Littlefield International, Ltd., |
| Date of production, publication, distribution, manufacture, or copyright notice |
[2018] |
| 300 ## - PHYSICAL DESCRIPTION |
| Extent |
xv, 270 pages ; |
| Dimensions |
24 cm |
| 336 ## - CONTENT TYPE |
| Content type term |
text |
| Content type code |
txt |
| Source |
rdacontent |
| 337 ## - MEDIA TYPE |
| Media type term |
unmediated |
| Media type code |
n |
| Source |
rdamedia |
| 338 ## - CARRIER TYPE |
| Carrier type term |
volume |
| Carrier type code |
nc |
| Source |
rdacarrier |
| 504 ## - BIBLIOGRAPHY, ETC. NOTE |
| Bibliography, etc. note |
Includes bibliographical references and index. |
| 505 0# - FORMATTED CONTENTS NOTE |
| Formatted contents note |
Internet governance and national security -- Managing decentralized cyber governance -- Tragedy of the cyber commons? -- Rise of a cybered Westphalian age 2.0 -- Blown to bits : China's war in cyberspace, August-September 2025 -- Nuclear lessons for cyber security? -- Escalation dynamics and conflict termination in cyberspace -- Specter of non-obvious warfare -- Act and actor attribution in cyberspace -- Strengthening private-public partnerships in national cybersecurity. |
| 650 #0 - SUBJECT ADDED ENTRY--TOPICAL TERM |
| Topical term or geographic name entry element |
Internet governance. |
| 9 (RLIN) |
16791 |
| 650 #0 - SUBJECT ADDED ENTRY--TOPICAL TERM |
| Topical term or geographic name entry element |
Computer networks |
| General subdivision |
Security measures. |
| 9 (RLIN) |
466 |
| 650 #0 - SUBJECT ADDED ENTRY--TOPICAL TERM |
| Topical term or geographic name entry element |
Internet |
| General subdivision |
Security measures. |
| 9 (RLIN) |
16792 |
| 700 1# - ADDED ENTRY--PERSONAL NAME |
| Personal name |
Schaub, Gary, |
| Titles and other words associated with a name |
Jr., |
| Dates associated with a name |
1969- |
| Relator term |
editor. |
| 9 (RLIN) |
16793 |
| 776 08 - ADDITIONAL PHYSICAL FORM ENTRY |
| Relationship information |
Online version: |
| Title |
Understanding cyber security |
| Place, publisher, and date of publication |
London ; New York : Rowman & Littlefield International, Ltd., [2018] |
| International Standard Book Number |
9781786606815 |
| Record control number |
(DLC) 2017058716 |
| 906 ## - LOCAL DATA ELEMENT F, LDF (RLIN) |
| a |
7 |
| b |
cbc |
| c |
orignew |
| d |
1 |
| e |
ecip |
| f |
20 |
| g |
y-gencatlg |
| 942 ## - ADDED ENTRY ELEMENTS (KOHA) |
| Source of classification or shelving scheme |
|
| Koha item type |
Book |